[Event "Summer Prague Open 2021 - A"]
[Site "?"]
[Date "2021.08.13"]
[Round "9.2"]
[White "Stalmach, Richard"]
[Black "Plischki, Sebastian"]
[Result "0-1"]
[BlackElo "2356"]
[WhiteElo "2305"]
[LiveChessVersion "1.4.8"]

1. d4 {[%clk 1:30:56]} Nf6 {[%clk 1:30:45]} 2. c4 {[%clk 1:30:42]} e6
{[%clk 1:30:58]} 3. Nf3 {[%clk 1:30:57]} Bb4+ {[%clk 1:31:10]} 4. Nbd2
{[%clk 1:31:09]} O-O {[%clk 1:31:16]} 5. a3 {[%clk 1:30:49]} Be7 {[%clk 1:31:36]}
6. e4 {[%clk 1:31:09]} d6 {[%clk 1:31:56]} 7. Be2 {[%clk 1:28:30]} Nfd7
{[%clk 1:31:01]} 8. b4 {[%clk 1:26:00]} e5 {[%clk 1:30:55]} 9. Bb2
{[%clk 1:24:08]} exd4 {[%clk 1:29:04]} 10. Nxd4 {[%clk 1:22:48]} Bf6
{[%clk 1:28:57]} 11. Qc2 {[%clk 1:22:08]} Nc6 {[%clk 1:24:34]} 12. N2b3
{[%clk 1:10:49]} Nxd4 {[%clk 1:20:48]} 13. Bxd4 {[%clk 1:08:30]} a5
{[%clk 1:07:35]} 14. Bxf6 {[%clk 1:05:10]} Qxf6 {[%clk 1:07:20]} 15. O-O
{[%clk 1:02:52]} axb4 {[%clk 1:05:36]} 16. axb4 {[%clk 1:03:16]} Rxa1
{[%clk 1:05:58]} 17. Rxa1 {[%clk 1:03:30]} Re8 {[%clk 1:05:04]} 18. Rd1
{[%clk 0:54:03]} Qf4 {[%clk 1:01:06]} 19. f3 {[%clk 0:49:53]} Qe3+
{[%clk 0:59:00]} 20. Kf1 {[%clk 0:49:05]} Ne5 {[%clk 0:59:12]} 21. Nd4
{[%clk 0:47:56]} Bd7 {[%clk 0:56:47]} 22. Qc1 {[%clk 0:38:43]} Qxc1
{[%clk 0:56:04]} 23. Rxc1 {[%clk 0:39:10]} c5 {[%clk 0:45:21]} 24. bxc5
{[%clk 0:35:57]} dxc5 {[%clk 0:45:21]} 25. Nc2 {[%clk 0:35:06]} f5
{[%clk 0:41:05]} 26. exf5 {[%clk 0:33:22]} Bxf5 {[%clk 0:41:17]} 27. Ne3
{[%clk 0:27:59]} Bg6 {[%clk 0:38:36]} 28. Kf2 {[%clk 0:27:11]} Nc6
{[%clk 0:37:29]} 29. Ra1 {[%clk 0:24:17]} Rd8 {[%clk 0:32:28]} 30. Nd5
{[%clk 0:19:07]} Kf8 {[%clk 0:27:30]} 31. Ra2 {[%clk 0:17:15]} Nd4
{[%clk 0:24:03]} 32. Nb6 {[%clk 0:12:54]} Rd6 {[%clk 0:20:13]} 33. Rb2
{[%clk 0:10:44]} Bc2 {[%clk 0:18:32]} 34. Bf1 {[%clk 0:03:57]} Bb3
{[%clk 0:16:47]} 35. Nd5 {[%clk 0:04:24]} b5 {[%clk 0:16:10]} 36. Ne3
{[%clk 0:04:53]} b4 {[%clk 0:15:39]} 37. Bd3 {[%clk 0:05:20]} g6 {[%clk 0:14:22]}
38. Ng4 {[%clk 0:04:47]} Ra6 {[%clk 0:11:49]} 39. Ne5 {[%clk 0:04:04]} Ke7
{[%clk 0:10:56]} 40. Bb1 {[%clk 0:04:02]} Ra1 {[%clk 0:05:13]} 41. h4
{[%clk 0:30:27]} Ke6 {[%clk 0:29:55]} 42. f4 {[%clk 0:30:32]} Bd1
{[%clk 0:28:56]} 43. Ke3 {[%clk 0:23:08]} b3 {[%clk 0:27:17]} 44. Nd3
{[%clk 0:22:43]} Kd6 {[%clk 0:26:53]} 45. Kd2 {[%clk 0:22:52]} Be2
{[%clk 0:18:32]} 46. Ne5 {[%clk 0:22:27]} Bf1 {[%clk 0:18:04]} 47. g4
{[%clk 0:18:51]} Ke6 {[%clk 0:16:28]} 48. Ke3 {[%clk 0:17:05]} Ra4
{[%clk 0:15:19]} 49. h5 {[%clk 0:09:25]} gxh5 {[%clk 0:14:01]} 50. gxh5
{[%clk 0:09:51]} h6 {[%clk 0:14:02]} 51. Ng4 {[%clk 0:06:41]} Bxc4
{[%clk 0:12:45]} 52. Nxh6 {[%clk 0:05:57]} Ra2 {[%clk 0:10:28]} 53. Rd2
{[%clk 0:05:43]} Nc2+ {[%clk 0:09:45]} 54. Ke4 {[%clk 0:05:22]} Rb2
{[%clk 0:10:02]} 55. f5+ {[%clk 0:04:48]} Ke7 {[%clk 0:10:25]} 56. Ke5
{[%clk 0:01:20]} Rxb1 {[%clk 0:10:42]} 57. f6+ {[%clk 0:01:48]} Ke8
{[%clk 0:10:40]} 58. Kd6 {[%clk 0:02:15]} Rf1 {[%clk 0:09:56]} 59. f7+
{[%clk 0:00:38]} Bxf7 {[%clk 0:09:34]} 60. Nxf7 {[%clk 0:00:39]} Kxf7
{[%clk 0:09:52]} 0-1

[Event "Summer Prague Open 2021 - A"]
[Site "?"]
[Date "2021.08.13"]
[Round "9.3"]
[White "Nguyen, Alex Dac-Vuong"]
[Black "Froeyman, Helmut"]
[Result "1/2-1/2"]
[BlackElo "2260"]
[WhiteElo "2290"]
[LiveChessVersion "1.4.8"]

1. d4 {[%clk 1:30:57]} f5 {[%clk 1:30:52]} 2. c4 {[%clk 1:31:23]} Nf6
{[%clk 1:31:10]} 3. g3 {[%clk 1:31:48]} e6 {[%clk 1:31:34]} 4. Bg2
{[%clk 1:32:13]} c6 {[%clk 1:31:49]} 5. Nf3 {[%clk 1:32:33]} d5 {[%clk 1:32:11]}
6. Qc2 {[%clk 1:32:58]} Bd6 {[%clk 1:31:48]} 7. Bf4 {[%clk 1:33:22]} Bxf4
{[%clk 1:31:14]} 8. gxf4 {[%clk 1:33:50]} O-O {[%clk 1:28:18]} 9. e3
{[%clk 1:34:09]} Qe7 {[%clk 1:24:03]} 10. Nbd2 {[%clk 1:33:48]} Ne4
{[%clk 1:07:52]} 11. h4 {[%clk 1:33:49]} Nd7 {[%clk 1:05:09]} 12. h5
{[%clk 1:33:47]} Nxd2 {[%clk 1:01:32]} 13. Nxd2 {[%clk 1:25:56]} b6
{[%clk 0:57:08]} 14. O-O-O {[%clk 1:20:44]} Bb7 {[%clk 0:55:53]} 15. Kb1
{[%clk 1:20:13]} Rfc8 {[%clk 0:44:14]} 16. h6 {[%clk 1:07:16]} g6
{[%clk 0:44:24]} 17. Rc1 {[%clk 1:05:58]} a5 {[%clk 0:41:30]} 18. cxd5
{[%clk 1:02:00]} cxd5 {[%clk 0:41:21]} 19. Qd3 {[%clk 1:01:57]} Qd6
{[%clk 0:35:02]} 20. Nf3 {[%clk 1:01:10]} Kf8 {[%clk 0:30:04]} 21. a3
{[%clk 0:41:45]} 1/2-1/2

[Event "Summer Prague Open 2021 - A"]
[Site "?"]
[Date "2021.08.13"]
[Round "9.4"]
[White "Finek, Vaclav"]
[Black "Toman, Ondrej"]
[Result "1-0"]
[BlackElo "2196"]
[WhiteElo "2372"]
[LiveChessVersion "1.4.8"]

1. d4 {[%clk 1:30:58]} d5 {[%clk 1:30:59]} 2. c4 {[%clk 1:31:22]} c6
{[%clk 1:31:27]} 3. Nf3 {[%clk 1:31:47]} Nf6 {[%clk 1:31:54]} 4. Qc2
{[%clk 1:32:09]} dxc4 {[%clk 1:32:17]} 5. Qxc4 {[%clk 1:32:30]} Bf5
{[%clk 1:32:41]} 6. g3 {[%clk 1:20:32]} e6 {[%clk 1:29:42]} 7. Bg2
{[%clk 1:17:34]} Nbd7 {[%clk 1:25:46]} 8. O-O {[%clk 1:15:26]} Be7
{[%clk 1:25:51]} 9. Bf4 {[%clk 1:13:25]} O-O {[%clk 1:24:21]} 10. Qb3
{[%clk 1:06:24]} Qb6 {[%clk 1:21:52]} 11. Nbd2 {[%clk 1:06:45]} Ne4
{[%clk 1:18:55]} 12. Nc4 {[%clk 1:04:28]} Qa6 {[%clk 1:12:11]} 13. Nfe5
{[%clk 0:56:08]} Rad8 {[%clk 1:05:59]} 14. g4 {[%clk 0:47:44]} b5
{[%clk 0:49:52]} 15. Na3 {[%clk 0:41:05]} b4 {[%clk 0:24:31]} 16. Nac4
{[%clk 0:32:42]} Nxe5 {[%clk 0:23:20]} 17. Nxe5 {[%clk 0:33:03]} Rxd4
{[%clk 0:18:32]} 18. gxf5 {[%clk 0:32:41]} exf5 {[%clk 0:18:55]} 19. Qc2
{[%clk 0:27:57]} c5 {[%clk 0:17:37]} 20. a3 {[%clk 0:23:55]} g5 {[%clk 0:15:59]}
21. Be3 {[%clk 0:23:48]} Rd5 {[%clk 0:15:40]} 22. Nc4 {[%clk 0:23:04]} Qe6
{[%clk 0:15:07]} 23. Rad1 {[%clk 0:21:45]} Rb8 {[%clk 0:10:51]} 24. Rxd5
{[%clk 0:18:59]} Qxd5 {[%clk 0:11:20]} 25. Nd2 {[%clk 0:16:19]} b3
{[%clk 0:10:18]} 26. Qc4 {[%clk 0:15:50]} Qxc4 {[%clk 0:08:45]} 27. Nxc4
{[%clk 0:16:15]} Rd8 {[%clk 0:09:11]} 28. f4 {[%clk 0:13:23]} g4 {[%clk 0:08:00]}
29. Bxe4 {[%clk 0:13:41]} fxe4 {[%clk 0:08:29]} 30. f5 {[%clk 0:13:51]} Bf6
{[%clk 0:08:49]} 31. Kg2 {[%clk 0:12:17]} h5 {[%clk 0:08:30]} 32. Kg3
{[%clk 0:11:15]} Bd4 {[%clk 0:07:39]} 33. Bxd4 {[%clk 0:09:57]} cxd4
{[%clk 0:06:18]} 34. Rd1 {[%clk 0:08:56]} d3 {[%clk 0:06:15]} 35. exd3
{[%clk 0:08:55]} exd3 {[%clk 0:06:41]} 36. Nd2 {[%clk 0:06:16]} Kg7
{[%clk 0:06:19]} 37. Nxb3 {[%clk 0:05:37]} Kf6 {[%clk 0:06:24]} 38. Nc5
{[%clk 0:05:00]} Rd5 {[%clk 0:03:21]} 39. b4 {[%clk 0:04:16]} Kg5
{[%clk 0:03:01]} 40. h4+ {[%clk 0:01:32]} Kxf5 {[%clk 0:03:29]} 41. Rxd3
{[%clk 0:01:19]} Re5 {[%clk 0:01:02]} 42. Nb7 {[%clk 0:22:50]} Re1
{[%clk 0:30:04]} 43. Rd5+ {[%clk 0:21:29]} Ke6 {[%clk 0:24:20]} 44. Rxh5
{[%clk 0:18:26]} f5 {[%clk 0:24:25]} 45. Nc5+ {[%clk 0:18:46]} Kf6
{[%clk 0:24:17]} 46. Rh6+ {[%clk 0:19:07]} Kg7 {[%clk 0:24:08]} 47. Ra6
{[%clk 0:18:55]} Rg1+ {[%clk 0:24:19]} 48. Kf2 {[%clk 0:18:30]} Rc1
{[%clk 0:22:49]} 49. Ne6+ {[%clk 0:15:32]} Kf6 {[%clk 0:22:49]} 50. Nf4+
{[%clk 0:15:56]} 1-0

[Event "Summer Prague Open 2021 - A"]
[Site "?"]
[Date "2021.08.13"]
[Round "9.5"]
[White "Mueer, Sebastian"]
[Black "Kvaloy, Aksel Bu"]
[Result "1-0"]
[BlackElo "2126"]
[WhiteElo "2246"]
[LiveChessVersion "1.4.8"]

1. Nf3 {[%clk 1:21:46]} Nf6 {[%clk 1:29:15]} 2. c4 {[%clk 1:22:07]} e6
{[%clk 1:28:40]} 3. g3 {[%clk 1:22:28]} d5 {[%clk 1:27:35]} 4. Bg2
{[%clk 1:22:48]} c6 {[%clk 1:25:56]} 5. b3 {[%clk 1:23:04]} Bd6 {[%clk 1:25:39]}
6. Bb2 {[%clk 1:23:19]} Nbd7 {[%clk 1:25:18]} 7. Nc3 {[%clk 1:21:03]} O-O
{[%clk 1:24:29]} 8. O-O {[%clk 1:20:57]} a6 {[%clk 1:17:05]} 9. d4
{[%clk 1:16:03]} b5 {[%clk 1:11:04]} 10. Qc2 {[%clk 1:14:57]} b4 {[%clk 1:08:42]}
11. Na4 {[%clk 1:14:18]} Ne4 {[%clk 0:58:02]} 12. Ne5 {[%clk 1:08:29]} Bxe5
{[%clk 0:37:23]} 13. Bxe4 {[%clk 1:05:32]} dxe4 {[%clk 0:36:45]} 14. dxe5
{[%clk 1:05:43]} c5 {[%clk 0:32:54]} 15. Qxe4 {[%clk 1:04:02]} Qc7
{[%clk 0:31:40]} 16. Rfd1 {[%clk 0:59:57]} Bb7 {[%clk 0:27:02]} 17. Qe3
{[%clk 0:59:47]} Rfd8 {[%clk 0:24:15]} 18. Rd3 {[%clk 0:58:48]} Rac8
{[%clk 0:20:44]} 19. Rad1 {[%clk 0:58:21]} Kf8 {[%clk 0:20:33]} 20. f3
{[%clk 0:57:40]} Ke8 {[%clk 0:19:59]} 21. Kf2 {[%clk 0:50:23]} h6
{[%clk 0:19:59]} 22. h4 {[%clk 0:50:47]} a5 {[%clk 0:17:42]} 23. h5
{[%clk 0:51:10]} Ke7 {[%clk 0:12:23]} 24. Rd6 {[%clk 0:47:40]} Ba8
{[%clk 0:11:15]} 25. g4 {[%clk 0:41:00]} Qa7 {[%clk 0:09:35]} 26. g5
{[%clk 0:40:09]} Bc6 {[%clk 0:08:44]} 27. gxh6 {[%clk 0:36:30]} gxh6
{[%clk 0:09:03]} 28. Qxh6 {[%clk 0:35:53]} Bxa4 {[%clk 0:09:22]} 29. Bc1
{[%clk 0:35:24]} Rg8 {[%clk 0:07:16]} 30. Bg5+ {[%clk 0:35:41]} Ke8
{[%clk 0:07:34]} 31. Rxe6+ {[%clk 0:35:52]} fxe6 {[%clk 0:08:02]} 32. Qxe6+
{[%clk 0:36:14]} Kf8 {[%clk 0:08:29]} 33. Qe7# 1-0

[Event "Summer Prague Open 2021 - A"]
[Site "?"]
[Date "2021.08.13"]
[Round "9.6"]
[White "Frank, Adam"]
[Black "Neukirchner, Pascal"]
[Result "1-0"]
[BlackElo "2266"]
[WhiteElo "2210"]
[LiveChessVersion "1.4.8"]

1. e4 {[%clk 1:30:57]} c5 {[%clk 1:30:55]} 2. Nf3 {[%clk 1:31:24]} Nc6
{[%clk 1:31:20]} 3. d4 {[%clk 1:31:52]} cxd4 {[%clk 1:31:44]} 4. Nxd4
{[%clk 1:32:18]} g6 {[%clk 1:32:09]} 5. Nc3 {[%clk 1:31:48]} Bg7 {[%clk 1:32:33]}
6. Be3 {[%clk 1:32:15]} Nf6 {[%clk 1:32:57]} 7. Nxc6 {[%clk 1:32:41]} bxc6
{[%clk 1:33:22]} 8. e5 {[%clk 1:33:08]} Nd5 {[%clk 1:33:48]} 9. Nxd5
{[%clk 1:33:34]} cxd5 {[%clk 1:34:13]} 10. Qxd5 {[%clk 1:34:00]} Rb8
{[%clk 1:34:38]} 11. O-O-O {[%clk 1:25:04]} Bb7 {[%clk 1:34:11]} 12. Qd4
{[%clk 1:20:32]} Bc6 {[%clk 1:30:26]} 13. Bc4 {[%clk 1:19:30]} O-O
{[%clk 1:28:58]} 14. f4 {[%clk 1:19:08]} Qc7 {[%clk 1:18:51]} 15. Bd5
{[%clk 1:11:02]} Rfc8 {[%clk 1:14:05]} 16. Bxc6 {[%clk 0:43:51]} Qxc6
{[%clk 1:14:26]} 17. Rd2 {[%clk 0:44:17]} d6 {[%clk 1:12:24]} 18. b3
{[%clk 0:44:21]} a5 {[%clk 0:55:53]} 19. Qd5 {[%clk 0:37:13]} a4 {[%clk 0:39:16]}
20. Qxc6 {[%clk 0:31:46]} Rxc6 {[%clk 0:39:44]} 21. exd6 {[%clk 0:32:11]} Bc3
{[%clk 0:39:54]} 22. Rd3 {[%clk 0:32:13]} axb3 {[%clk 0:39:10]} 23. axb3
{[%clk 0:32:31]} exd6 {[%clk 0:30:37]} 24. Bd4 {[%clk 0:26:39]} Bxd4
{[%clk 0:29:59]} 25. Rxd4 {[%clk 0:27:05]} Rxb3 {[%clk 0:30:11]} 26. Rxd6
{[%clk 0:27:25]} Rc4 {[%clk 0:26:44]} 27. g3 {[%clk 0:27:08]} Rbc3
{[%clk 0:21:22]} 28. Rd2 {[%clk 0:27:18]} Rc8 {[%clk 0:18:10]} 29. Re1
{[%clk 0:24:47]} R3c7 {[%clk 0:18:15]} 30. Re3 {[%clk 0:23:37]} Kg7
{[%clk 0:15:46]} 31. Kb2 {[%clk 0:22:59]} f5 {[%clk 0:13:43]} 32. c3
{[%clk 0:22:11]} Kh6 {[%clk 0:12:59]} 33. Rd4 {[%clk 0:18:32]} Kh5
{[%clk 0:13:14]} 34. h3 {[%clk 0:18:36]} Ra8 {[%clk 0:09:43]} 35. Rb4
{[%clk 0:16:33]} Rca7 {[%clk 0:04:50]} 36. Rb5 {[%clk 0:16:58]} Kh6
{[%clk 0:02:32]} 37. c4 {[%clk 0:08:30]} Ra2+ {[%clk 0:03:01]} 38. Kc3
{[%clk 0:08:56]} Rh2 {[%clk 0:02:44]} 39. g4 {[%clk 0:01:39]} Rf2
{[%clk 0:01:32]} 40. gxf5 {[%clk 0:00:42]} Rxf4 {[%clk 0:01:40]} 41. fxg6
{[%clk 0:18:14]} hxg6 {[%clk 0:30:51]} 42. Kb4 {[%clk 0:15:41]} Rc8
{[%clk 0:15:05]} 43. Rc3 {[%clk 0:15:56]} Kg7 {[%clk 0:14:14]} 44. Rb6
{[%clk 0:10:29]} Rh4 {[%clk 0:13:31]} 45. Kb5 {[%clk 0:08:56]} Rch8
{[%clk 0:13:39]} 46. Rg3 {[%clk 0:09:12]} Rxh3 {[%clk 0:11:18]} 47. Rbxg6+
{[%clk 0:05:25]} Kf7 {[%clk 0:11:40]} 48. Rxh3 {[%clk 0:05:54]} Rxh3
{[%clk 0:12:01]} 49. Rd6 {[%clk 0:06:22]} Ke7 {[%clk 0:12:24]} 50. c5
{[%clk 0:06:38]} 1-0

[Event "Summer Prague Open 2021 - A"]
[Site "?"]
[Date "2021.08.13"]
[Round "9.7"]
[White "Jurcik, Marian"]
[Black "Nemec, Pavel"]
[Result "1-0"]
[BlackElo "2213"]
[WhiteElo "2419"]
[LiveChessVersion "1.4.8"]

1. e4 {[%clk 1:24:11]} c5 {[%clk 1:30:50]} 2. Nf3 {[%clk 1:23:56]} d6
{[%clk 1:31:14]} 3. d4 {[%clk 1:24:00]} cxd4 {[%clk 1:31:38]} 4. Qxd4
{[%clk 1:24:13]} Nc6 {[%clk 1:30:40]} 5. Bb5 {[%clk 1:24:11]} Bd7
{[%clk 1:31:00]} 6. Qd3 {[%clk 1:24:32]} Rc8 {[%clk 1:25:32]} 7. c4
{[%clk 1:24:26]} g6 {[%clk 1:24:02]} 8. O-O {[%clk 1:12:28]} Bg7 {[%clk 1:24:19]}
9. Nc3 {[%clk 1:09:02]} Nf6 {[%clk 1:21:46]} 10. h3 {[%clk 1:07:05]} O-O
{[%clk 1:20:53]} 11. Be3 {[%clk 1:07:28]} a6 {[%clk 1:18:40]} 12. Bxc6
{[%clk 1:07:19]} Bxc6 {[%clk 1:19:04]} 13. Nd4 {[%clk 1:07:08]} Nd7
{[%clk 1:14:05]} 14. Rac1 {[%clk 1:06:37]} Nc5 {[%clk 1:07:04]} 15. Qb1
{[%clk 1:05:10]} e5 {[%clk 1:03:40]} 16. Nxc6 {[%clk 1:03:53]} bxc6
{[%clk 1:03:53]} 17. Bxc5 {[%clk 0:59:22]} dxc5 {[%clk 1:04:22]} 18. Rcd1
{[%clk 0:58:21]} Qe7 {[%clk 1:04:37]} 19. Rd3 {[%clk 0:57:16]} Rcd8
{[%clk 1:04:17]} 20. Rfd1 {[%clk 0:55:17]} Rd4 {[%clk 1:04:23]} 21. b3
{[%clk 0:52:51]} Qh4 {[%clk 1:02:06]} 22. Qc2 {[%clk 0:51:37]} f5
{[%clk 1:01:32]} 23. exf5 {[%clk 0:49:39]} gxf5 {[%clk 0:58:27]} 24. Ne2
{[%clk 0:48:11]} Kh8 {[%clk 0:41:33]} 25. Nxd4 {[%clk 0:42:04]} cxd4
{[%clk 0:42:01]} 26. c5 {[%clk 0:42:15]} Qf6 {[%clk 0:34:14]} 27. f4
{[%clk 0:25:38]} Bh6 {[%clk 0:31:42]} 28. fxe5 {[%clk 0:22:41]} Qxe5
{[%clk 0:32:10]} 29. Rf3 {[%clk 0:22:41]} Be3+ {[%clk 0:32:39]} 30. Kh1
{[%clk 0:22:58]} f4 {[%clk 0:32:22]} 31. b4 {[%clk 0:21:26]} Rd8 {[%clk 0:29:30]}
32. Qd3 {[%clk 0:13:47]} Qd5 {[%clk 0:27:33]} 33. a3 {[%clk 0:12:25]} a5
{[%clk 0:25:53]} 34. bxa5 {[%clk 0:11:56]} Qxc5 {[%clk 0:26:09]} 35. a6
{[%clk 0:12:11]} Qd5 {[%clk 0:24:06]} 36. Rb1 {[%clk 0:11:27]} Rd7
{[%clk 0:20:37]} 37. Rb7 {[%clk 0:10:49]} Qf7 {[%clk 0:19:22]} 38. a7
{[%clk 0:08:42]} Rxb7 {[%clk 0:19:22]} 39. a8=Q+ {[%clk 0:09:04]} Kg7
{[%clk 0:19:46]} 40. Qd8 {[%clk 0:06:37]} Qg6 {[%clk 0:15:48]} 41. Rxe3
{[%clk 0:04:13]} dxe3 {[%clk 0:15:25]} 42. Q3d4+ {[%clk 0:04:16]} 1-0

[Event "Summer Prague Open 2021 - A"]
[Site "?"]
[Date "2021.08.13"]
[Round "9.8"]
[White "Kusa, Jakub"]
[Black "Humburg, Philipp"]
[Result "1/2-1/2"]
[BlackElo "2245"]
[WhiteElo "2280"]
[LiveChessVersion "1.4.8"]

1. e4 {[%clk 1:30:56]} c5 {[%clk 1:30:44]} 2. Nf3 {[%clk 1:31:17]} e6
{[%clk 1:31:01]} 3. g3 {[%clk 1:31:37]} Nc6 {[%clk 1:31:18]} 4. Bg2
{[%clk 1:31:55]} Nf6 {[%clk 1:31:01]} 5. Qe2 {[%clk 1:32:12]} e5 {[%clk 1:31:20]}
6. O-O {[%clk 1:32:01]} Be7 {[%clk 1:31:03]} 7. c3 {[%clk 1:32:03]} O-O
{[%clk 1:29:57]} 8. Na3 {[%clk 1:32:12]} Re8 {[%clk 1:27:45]} 9. d3
{[%clk 1:31:46]} h6 {[%clk 1:27:58]} 10. Nc4 {[%clk 1:30:58]} Bf8
{[%clk 1:28:02]} 11. Ne3 {[%clk 1:27:40]} d6 {[%clk 1:21:58]} 12. Nd2
{[%clk 1:20:29]} Rb8 {[%clk 1:12:54]} 13. f4 {[%clk 1:17:21]} exf4
{[%clk 1:10:42]} 14. gxf4 {[%clk 1:16:04]} d5 {[%clk 1:09:47]} 15. e5
{[%clk 1:14:07]} d4 {[%clk 1:09:48]} 16. Nec4 {[%clk 1:11:14]} Nd5
{[%clk 0:54:51]} 17. Ne4 {[%clk 1:06:36]} b5 {[%clk 0:51:11]} 18. Na3
{[%clk 1:03:44]} dxc3 {[%clk 0:40:52]} 19. bxc3 {[%clk 1:03:42]} Rb6
{[%clk 0:40:24]} 20. Be3 {[%clk 0:52:13]} Nxe3 {[%clk 0:39:32]} 21. Qxe3
{[%clk 0:52:30]} c4 {[%clk 0:39:53]} 22. Nc2 {[%clk 0:50:53]} Qxd3
{[%clk 0:36:38]} 23. Qxd3 {[%clk 0:50:47]} cxd3 {[%clk 0:37:05]} 24. Ne1
{[%clk 0:49:31]} Rd8 {[%clk 0:37:16]} 25. Rd1 {[%clk 0:48:34]} Be6
{[%clk 0:36:58]} 26. Rf2 {[%clk 0:46:49]} b4 {[%clk 0:23:28]} 27. Rxd3
{[%clk 0:44:05]} Rxd3 {[%clk 0:21:02]} 28. Nxd3 {[%clk 0:44:30]} bxc3
{[%clk 0:21:03]} 29. Nxc3 {[%clk 0:43:37]} Nd4 {[%clk 0:12:50]} 30. Be4
{[%clk 0:40:35]} Ra6 {[%clk 0:11:12]} 31. a4 {[%clk 0:34:16]} Rb6
{[%clk 0:11:25]} 32. Rb2 {[%clk 0:33:58]} Rxb2 {[%clk 0:10:44]} 33. Nxb2
{[%clk 0:34:21]} Bb4 {[%clk 0:07:07]} 34. Nbd1 {[%clk 0:34:33]} Bb3
{[%clk 0:06:54]} 35. Kf2 {[%clk 0:34:21]} Ne6 {[%clk 0:07:13]} 36. Ke3
{[%clk 0:27:00]} Bc5+ {[%clk 0:07:04]} 37. Kf3 {[%clk 0:26:52]} Nd4+
{[%clk 0:04:59]} 38. Ke3 {[%clk 0:22:57]} Nc2+ {[%clk 0:04:17]} 39. Kd2
{[%clk 0:21:58]} Nb4 {[%clk 0:04:03]} 40. Ne3 {[%clk 0:20:42]} a5
{[%clk 0:04:06]} 41. Ned5 {[%clk 0:18:11]} Kf8 {[%clk 0:00:50]} 42. Ke2
{[%clk 0:13:52]} Bd4 {[%clk 0:00:44]} 43. h4 {[%clk 0:11:06]} Bc4+
{[%clk 0:30:13]} 44. Kf3 {[%clk 0:40:35]} Nd3 {[%clk 0:28:25]} 45. Nb5
{[%clk 0:36:19]} Ne1+ {[%clk 0:27:36]} 46. Kg3 {[%clk 0:36:23]} Bc5
{[%clk 0:27:07]} 47. Ndc3 {[%clk 0:34:52]} Bf1 {[%clk 0:21:44]} 48. Nd5
{[%clk 0:26:48]} Nd3 {[%clk 0:20:25]} 49. h5 {[%clk 0:26:11]} Nb2
{[%clk 0:20:32]} 50. Nbc3 {[%clk 0:21:49]} Bc4 {[%clk 0:18:06]} 51. Bc2
{[%clk 0:21:57]} Nd3 {[%clk 0:16:51]} 52. Bb1 {[%clk 0:20:06]} Nb4
{[%clk 0:14:21]} 53. Be4 {[%clk 0:18:25]} Bb3 {[%clk 0:12:52]} 54. Kf3
{[%clk 0:18:03]} Bd4 {[%clk 0:12:05]} 55. Ke2 {[%clk 0:17:03]} Na6
{[%clk 0:10:09]} 56. Bd3 {[%clk 0:16:17]} Nc5 {[%clk 0:10:28]} 57. Bb5
{[%clk 0:16:37]} g6 {[%clk 0:09:34]} 58. hxg6 {[%clk 0:15:57]} fxg6
{[%clk 0:10:04]} 59. Kf3 {[%clk 0:15:55]} h5 {[%clk 0:10:03]} 60. Kg3
{[%clk 0:15:00]} Ne4+ {[%clk 0:08:06]} 61. Nxe4 {[%clk 0:14:23]} Bxd5
{[%clk 0:08:35]} 62. Nf6 {[%clk 0:11:10]} Bb3 {[%clk 0:08:53]} 63. Kh4
{[%clk 0:09:42]} Bf2+ {[%clk 0:03:26]} 64. Kg5 {[%clk 0:09:33]} Kf7
{[%clk 0:03:18]} 65. Be8+ {[%clk 0:07:48]} Kg7 {[%clk 0:03:40]} 66. Bxg6
{[%clk 0:06:39]} Bh4+ {[%clk 0:03:29]} 67. Kxh5 {[%clk 0:06:06]} Bxf6
{[%clk 0:03:54]} 68. exf6+ {[%clk 0:06:29]} Kxf6 {[%clk 0:04:18]} 69. Be8
{[%clk 0:06:13]} Kf5 {[%clk 0:04:43]} 70. Kh4 {[%clk 0:06:09]} Kxf4
{[%clk 0:05:10]} 71. Bb5 {[%clk 0:06:15]} Ke3 {[%clk 0:05:37]} 72. Kg3
{[%clk 0:06:38]} Kd4 {[%clk 0:06:04]} 73. Kf4 {[%clk 0:06:49]} Kc3
{[%clk 0:06:32]} 74. Ke3 {[%clk 0:07:10]} Kb4 {[%clk 0:06:59]} 75. Kd2
{[%clk 0:07:27]} Bxa4 {[%clk 0:07:26]} 76. Bxa4 {[%clk 0:07:42]} Kxa4
{[%clk 0:07:53]} 77. Kc2 {[%clk 0:08:07]} Kb4 {[%clk 0:08:19]} 78. Kb2
{[%clk 0:08:33]} a4 {[%clk 0:08:46]} 79. Ka2 {[%clk 0:08:59]} a3 {[%clk 0:09:14]}
80. Ka1 {[%clk 0:09:24]} Kb3 {[%clk 0:09:41]} 81. Kb1 {[%clk 0:09:47]} a2+
{[%clk 0:10:10]} 82. Ka1 {[%clk 0:10:10]} Ka3 1/2-1/2

[Event "Summer Prague Open 2021 - A"]
[Site "?"]
[Date "2021.08.13"]
[Round "9.9"]
[White "Schirm, Friedmar"]
[Black "Shehzad, Shazil"]
[Result "1-0"]
[BlackElo "2196"]
[WhiteElo "2268"]
[LiveChessVersion "1.4.8"]

1. Nf3 {[%clk 1:30:52]} d5 {[%clk 1:27:20]} 2. c4 {[%clk 1:28:10]} d4
{[%clk 1:27:23]} 3. e3 {[%clk 1:27:48]} Nc6 {[%clk 1:26:40]} 4. exd4
{[%clk 1:27:30]} Nxd4 {[%clk 1:26:51]} 5. Nxd4 {[%clk 1:27:54]} Qxd4
{[%clk 1:27:14]} 6. Nc3 {[%clk 1:27:24]} e5 {[%clk 1:18:54]} 7. d3
{[%clk 1:24:51]} Qd8 {[%clk 1:01:45]} 8. Be3 {[%clk 1:21:18]} c5 {[%clk 0:59:44]}
9. g3 {[%clk 1:21:28]} Bd6 {[%clk 0:52:13]} 10. Bg2 {[%clk 1:15:27]} f5
{[%clk 0:48:10]} 11. Qh5+ {[%clk 0:59:53]} g6 {[%clk 0:48:05]} 12. Qe2
{[%clk 1:00:17]} Ne7 {[%clk 0:44:16]} 13. Bh6 {[%clk 0:59:58]} Kf7
{[%clk 0:42:50]} 14. O-O-O {[%clk 0:58:26]} Bd7 {[%clk 0:34:57]} 15. f4
{[%clk 0:46:11]} exf4 {[%clk 0:33:11]} 16. d4 {[%clk 0:46:35]} Re8
{[%clk 0:26:34]} 17. dxc5 {[%clk 0:46:06]} Bc7 {[%clk 0:21:38]} 18. gxf4
{[%clk 0:39:39]} Qc8 {[%clk 0:18:05]} 19. Qd2 {[%clk 0:28:32]} Bc6
{[%clk 0:14:41]} 20. Qd4 {[%clk 0:28:53]} Bxg2 {[%clk 0:09:12]} 21. Qg7+
{[%clk 0:27:08]} Ke6 {[%clk 0:09:27]} 22. Rhe1+ {[%clk 0:27:33]} Be4
{[%clk 0:09:35]} 23. Nxe4 {[%clk 0:27:58]} fxe4 {[%clk 0:09:55]} 24. Rxe4+
{[%clk 0:28:23]} Kf5 {[%clk 0:10:21]} 25. Re5+ {[%clk 0:24:02]} Bxe5
{[%clk 0:07:13]} 26. Qxe5+ {[%clk 0:24:27]} Kg4 {[%clk 0:07:40]} 27. Qg5+
{[%clk 0:24:32]} Kf3 {[%clk 0:08:03]} 28. Qg3+ {[%clk 0:24:54]} Ke4
{[%clk 0:08:19]} 29. Re1+ {[%clk 0:25:06]} Kd4 {[%clk 0:08:38]} 30. Re5
{[%clk 0:23:47]} Nd5 {[%clk 0:08:40]} 31. Rxd5+ {[%clk 0:23:57]} Kxc4
{[%clk 0:08:58]} 32. Qb3# {[%clk 0:24:12]} 1-0